| 000 | 00730nam a2200241 i 4500 | ||
|---|---|---|---|
| 001 | 104004 | ||
| 003 | ES-MaACL | ||
| 005 | 20250805062607.0 | ||
| 007 | t| | ||
| 008 | 051122s1980 sp ||||1| spa d | ||
| 020 | _a84-239-2519-6 | ||
| 080 | _a301(04) | ||
| 100 | 1 |
_aMerton, Robert K. _980618 |
|
| 245 | 1 | 0 |
_aAmbivalencia sociológica y otros ensayos / _cRobert K. Merton ; traducción del inglés por José Luis López Muñoz. |
| 260 |
_aMadrid : _bEspasa Calpe, _c1980. |
||
| 300 |
_a333 p. ; _c19 cm. |
||
| 490 | 1 |
_aBoreal ; _v19 |
|
| 650 | 7 |
_aSociología _2embne _917195 |
|
| 700 | 1 |
_aLópez Muñoz, José Luis. _973816 |
|
| 830 | 1 |
_aBoreal ; _v19 _9182385 |
|
| 852 |
_aES-MaACL _jL-550 |
||
| 999 |
_c104004 _d104004 |
||